[Event "29th Czech Open-Rapid 2018"]
[Site "Pardubice"]
[Date "2018.07.19"]
[Round "6"]
[White "Fiala, Milan"]
[Black "Gschwendtner, Stanislav"]
[Result "1-0"]
[WhiteElo "1885"]
[BlackElo "1940"]
[Annotator "NA"]
[PlyCount "71"]
[EventDate "2018.07.18"]
[EventType "swiss"]
[EventCountry "CZE"]
[SourceTitle "playchess.com"]
[Source "ChessBase"]
[SourceQuality "1"]
[TimeControl "900+10"]

1. d4 {[%emt 0:00:00]} Nf6 {[%emt 0:00:00]} 2. c4 {[%emt 0:00:00]} g6 {[%emt 0:00:00]} 3. Nc3 {[%emt 0:00:00]} d5 {[%emt 0:00:09]} 4. Bf4 {[%emt 0:00:00]} Bg7 {[%emt 0:00:05]} 5. e3 {[%emt 0:00:00]} O-O {[%emt 0:00:04]} 6. Rc1 {[%emt 0:00:24]} Be6 {[%emt 0:00:07]} 7. cxd5 {[%emt 0:00:51]} Nxd5 {[%emt 0:00:02]} 8. Nxd5 {[%emt 0:01:23]} Bxd5 {[%emt 0:00:11]} 9. Bxc7 {[%emt 0:00:24]} Qd7 {[%emt 0:00:03]} 10. Bxb8 {[%emt 0:02:09]} Raxb8 {[%emt 0:00:04]} 11. b3 {[%emt 0:00:11]} e5 {[%emt 0:00:07]} 12. dxe5 {[%emt 0:00:26]} Bxe5 {[%emt 0:00:03]} 13. Nf3 {[%emt 0:00:12]} Bxf3 {[%emt 0:01:20]} 14. Qxd7 {[%emt 0:01:29]} Bc6 {[%emt 0:00:17]} 15. Qh3 {[%emt 0:02:03]} Bb2 {[%emt 0:00:09]} 16. Rc2 {[%emt 0:00:19]} Ba3 {[%emt 0:00:16]} 17. Bc4 {[%emt 0:01:03]} Be4 {[%emt 0:00:03]} 18. Rd2 {[%emt 0:01:38]} Bb4 {[%emt 0:00:05]} 19. Ke2 {[%emt 0:00:37]} b5 {[%emt 0:00:04]} 20. Rd4 {[%emt 0:00:39]} Bf5 {[%emt 0:00:06]} 21. g4 {[%emt 0:00:10]} Bc8 {[%emt 0:00:45]} 22. Bxf7+ {[%emt 0:00:10]} Rxf7 {[%emt 0:00:02]} 23. Rxb4 {[%emt 0:00:02]} a5 {[%emt 0:00:06]} 24. Rd4 {[%emt 0:00:02]} Bb7 25. Rc1 {[%emt 0:00:15]} Rbf8 {[%emt 0:00:05]} 26. f4 {[%emt 0:00:08]} b4 {[%emt 0:00:06]} 27. Rc5 {[%emt 0:00:13]} Re8 {[%emt 0:00:26]} 28. Rxa5 {[%emt 0:00:29]} Rc7 {[%emt 0:00:03]} 29. Re5 {[%emt 0:00:53]} Rec8 {[%emt 0:00:11]} 30. Rd2 {[%emt 0:00:09]} Rc1 {[%emt 0:00:10]} 31. Re7 {[%emt 0:00:14]} Ba6+ {[%emt 0:00:07]} 32. Kf2 {[%emt 0:00:54]} h5 {[%emt 0:01:35]} 33. gxh5 {[%emt 0:00:07]} Kf8 {[%emt 0:00:42]} 34. Red7 {[%emt 0:00:47]} R1c2 {[%emt 0:00:26]} 35. Qe6 {[%emt 0:00:30]} Rxd2+ {[%emt 0:00:09]} 36. Rxd2 {[%emt 0:00:02]} 1-0

[Event "29th Czech Open-Rapid 2018"]
[Site "Pardubice"]
[Date "2018.07.19"]
[Round "6"]
[White "Ludvik, Tomas"]
[Black "Pacl, Vaclav"]
[Result "1/2-1/2"]
[WhiteElo "1850"]
[BlackElo "2077"]
[Annotator "NA"]
[PlyCount "127"]
[EventDate "2018.07.18"]
[EventType "swiss"]
[EventCountry "CZE"]
[SourceTitle "playchess.com"]
[Source "ChessBase"]
[SourceQuality "1"]
[TimeControl "900+10"]

1. d4 {[%emt 0:00:00]} Nf6 {[%emt 0:00:00]} 2. c4 {[%emt 0:00:00]} c5 {[%emt 0:00:00]} 3. d5 {[%emt 0:00:00]} g6 {[%emt 0:00:00]} 4. Nc3 {[%emt 0:00:00]} d6 {[%emt 0:00:00]} 5. Nf3 {[%emt 0:00:01]} Bg7 {[%emt 0:00:00]} 6. h3 {[%emt 0:00:41]} O-O {[%emt 0:00:02]} 7. Bf4 {[%emt 0:00:23]} Na6 {[%emt 0:00:07]} 8. e4 {[%emt 0:01:10]} Nc7 {[%emt 0:00:01]} 9. Be2 {[%emt 0:00:12]} a6 {[%emt 0:00:06]} 10. a4 {[%emt 0:00:02]} b6 {[%emt 0:00:01]} 11. O-O {[%emt 0:00:04]} Rb8 {[%emt 0:00:13]} 12. Re1 {[%emt 0:00:30]} Nd7 {[%emt 0:00:27]} 13. Bh2 {[%emt 0:00:36]} Ne5 {[%emt 0:01:08]} 14. Nd2 {[%emt 0:00:11]} f5 {[%emt 0:00:01]} 15. f4 {[%emt 0:00:14]} Nf7 {[%emt 0:00:01]} 16. Bd3 {[%emt 0:00:54]} e6 {[%emt 0:00:27]} 17. exf5 {[%emt 0:03:42]} gxf5 {[%emt 0:00:03]} 18. Qh5 {[%emt 0:01:55]} Qf6 {[%emt 0:00:15]} 19. Nf3 {[%emt 0:02:19]} exd5 {[%emt 0:01:43]} 20. cxd5 {[%emt 0:00:04]} Bd7 {[%emt 0:01:56]} 21. Bg3 {[%emt 0:00:22]} Rfe8 {[%emt 0:01:38]} 22. Bf2 {[%emt 0:01:10]} Bf8 {[%emt 0:04:08]} 23. Nh4 {[%emt 0:01:16]} Nh6 {[%emt 0:00:50]} 24. Qg5+ {[%emt 0:01:12]} Qg7 {[%emt 0:00:04]} 25. Qh5 {[%emt 0:01:54]} Qf6 {[%emt 0:02:17]} 26. Qg5+ {[%emt 0:00:01]} Bg7 {[%emt 0:00:01]} 27. Kh2 {[%emt 0:00:26]} Rxe1 {[%emt 0:01:12]} 28. Rxe1 {[%emt 0:00:01]} Rf8 {[%emt 0:00:01]} 29. Re7 {[%emt 0:00:13]} Rf7 {[%emt 0:00:01]} 30. Rxf7 {[%emt 0:00:08]} Kxf7 {[%emt 0:00:07]} 31. Qh5+ {[%emt 0:00:04]} Kg8 {[%emt 0:00:04]} 32. Qg5 {[%emt 0:00:16]} b5 {[%emt 0:00:04]} 33. axb5 {[%emt 0:00:02]} axb5 {[%emt 0:00:01]} 34. Ne2 {[%emt 0:00:20]} Nxd5 {[%emt 0:00:10]} 35. Ng3 {[%emt 0:00:09]} Ne7 {[%emt 0:00:14]} 36. b3 {[%emt 0:00:07]} Be6 {[%emt 0:00:49]} 37. Nh5 {[%emt 0:00:09]} Qxg5 {[%emt 0:00:09]} 38. fxg5 {[%emt 0:00:01]} Be5+ {[%emt 0:00:01]} 39. Kg1 {[%emt 0:00:01]} Nf7 {[%emt 0:00:10]} 40. Nf6+ {[%emt 0:00:02]} Kg7 {[%emt 0:00:13]} 41. Nh5+ {[%emt 0:00:04]} Kh8 {[%emt 0:00:02]} 42. Bc2 {[%emt 0:00:34]} c4 {[%emt 0:00:04]} 43. bxc4 {[%emt 0:00:07]} bxc4 {[%emt 0:00:00]} 44. Nf3 {[%emt 0:00:20]} Ng6 {[%emt 0:00:24]} 45. Ng3 {[%emt 0:00:12]} Ne7 {[%emt 0:00:34]} 46. Kf1 {[%emt 0:00:11]} Kg7 {[%emt 0:00:08]} 47. Nh5+ {[%emt 0:00:14]} Kg6 {[%emt 0:00:01]} 48. g4 {[%emt 0:00:14]} Nxg5 {[%emt 0:00:15]} 49. Nxe5+ {[%emt 0:00:01]} dxe5 {[%emt 0:00:07]} 50. Kg2 {[%emt 0:00:18]} e4 {[%emt 0:00:12]} 51. Nf4+ {[%emt 0:00:02]} Kf7 {[%emt 0:00:09]} 52. h4 {[%emt 0:00:18]} Nf3 {[%emt 0:00:11]} 53. Nxe6 {[%emt 0:00:11]} Kxe6 {[%emt 0:00:02]} 54. gxf5+ {[%emt 0:00:05]} Kxf5 {[%emt 0:00:06]} 55. Kf1 {[%emt 0:00:14]} Nd5 {[%emt 0:00:03]} 56. Ke2 {[%emt 0:00:07]} Kf4 {[%emt 0:00:04]} 57. Kf1 {[%emt 0:00:15]} e3 {[%emt 0:00:04]} 58. Be1 {[%emt 0:00:06]} Nd4 {[%emt 0:00:05]} 59. Bxh7 {[%emt 0:00:01]} Kf3 {[%emt 0:00:14]} 60. Bg8 {[%emt 0:00:16]} e2+ {[%emt 0:00:11]} 61. Kg1 {[%emt 0:00:00]} Ne3 {[%emt 0:00:01]} 62. h5 {[%emt 0:00:22]} c3 {[%emt 0:00:07]} 63. Bxc3 {[%emt 0:00:05]} Ndf5 {[%emt 0:00:13]} 64. Bd5+ 1/2-1/2

[Event "29th Czech Open-Rapid 2018"]
[Site "Pardubice"]
[Date "2018.07.19"]
[Round "6"]
[White "Zarovs, Aleksandrs"]
[Black "Slovak, Kilian"]
[Result "0-1"]
[WhiteElo "1845"]
[BlackElo "2113"]
[Annotator "NA"]
[PlyCount "114"]
[EventDate "2018.07.18"]
[EventType "swiss"]
[EventCountry "CZE"]
[SourceTitle "playchess.com"]
[Source "ChessBase"]
[SourceQuality "1"]
[TimeControl "900+10"]

1. e4 {[%emt 0:00:00]} c5 {[%emt 0:00:00]} 2. Nf3 {[%emt 0:00:00]} d6 {[%emt 0:00:00]} 3. Bb5+ {[%emt 0:00:00]} Nd7 {[%emt 0:00:06]} 4. d4 {[%emt 0:00:00]} cxd4 {[%emt 0:00:04]} 5. Qxd4 {[%emt 0:00:00]} a6 {[%emt 0:00:01]} 6. Bxd7+ {[%emt 0:00:00]} Bxd7 {[%emt 0:00:01]} 7. c4 {[%emt 0:00:00]} b5 {[%emt 0:00:03]} 8. Nc3 {[%emt 0:00:14]} e5 {[%emt 0:01:03]} 9. Qd3 {[%emt 0:00:02]} Rb8 {[%emt 0:00:42]} 10. O-O {[%emt 0:00:11]} h6 {[%emt 0:00:02]} 11. Rd1 {[%emt 0:00:20]} Nf6 {[%emt 0:00:07]} 12. b3 {[%emt 0:00:15]} Be7 {[%emt 0:00:24]} 13. c5 {[%emt 0:00:45]} dxc5 {[%emt 0:00:44]} 14. Nxe5 {[%emt 0:00:21]} Rb6 {[%emt 0:01:16]} 15. Nxd7 {[%emt 0:00:41]} Qxd7 {[%emt 0:02:09]} 16. Qxd7+ {[%emt 0:01:48]} Nxd7 {[%emt 0:00:01]} 17. Nd5 {[%emt 0:00:02]} Rc6 {[%emt 0:01:17]} 18. Nxe7 {[%emt 0:01:36]} Kxe7 {[%emt 0:00:01]} 19. Bb2 {[%emt 0:00:00]} f6 {[%emt 0:00:24]} 20. Rd3 {[%emt 0:00:43]} Rd6 {[%emt 0:00:02]} 21. Rad1 {[%emt 0:00:09]} Rxd3 {[%emt 0:00:01]} 22. Rxd3 {[%emt 0:00:01]} Rc8 {[%emt 0:01:52]} 23. Rg3 {[%emt 0:00:29]} Kf7 {[%emt 0:00:17]} 24. Kf1 {[%emt 0:00:09]} c4 {[%emt 0:02:00]} 25. Rc3 {[%emt 0:04:02]} Ne5 {[%emt 0:01:00]} 26. f3 {[%emt 0:02:27]} b4 {[%emt 0:00:19]} 27. Rc2 {[%emt 0:00:31]} c3 {[%emt 0:00:02]} 28. Ba1 {[%emt 0:00:26]} Rd8 {[%emt 0:00:24]} 29. Ke2 {[%emt 0:00:24]} Nc6 {[%emt 0:00:32]} 30. Bxc3 {[%emt 0:00:41]} bxc3 {[%emt 0:00:05]} 31. Rxc3 {[%emt 0:00:01]} Rd6 {[%emt 0:00:06]} 32. a3 {[%emt 0:00:18]} g5 {[%emt 0:00:06]} 33. b4 {[%emt 0:00:07]} Ke6 {[%emt 0:00:48]} 34. Rc5 {[%emt 0:00:16]} Ne5 {[%emt 0:00:39]} 35. Rc3 {[%emt 0:01:18]} Rd4 {[%emt 0:00:21]} 36. Rb3 {[%emt 0:00:26]} Rc4 {[%emt 0:00:35]} 37. a4 {[%emt 0:00:26]} Rc2+ {[%emt 0:00:01]} 38. Kf1 {[%emt 0:00:03]} Nc4 {[%emt 0:00:40]} 39. Kg1 {[%emt 0:00:29]} Ke5 {[%emt 0:00:36]} 40. b5 {[%emt 0:00:11]} axb5 {[%emt 0:00:01]} 41. axb5 {[%emt 0:00:01]} Nb6 {[%emt 0:00:01]} 42. g3 {[%emt 0:00:28]} h5 {[%emt 0:00:55]} 43. Rb4 {[%emt 0:00:53]} h4 {[%emt 0:00:11]} 44. f4+ {[%emt 0:00:50]} gxf4 {[%emt 0:00:05]} 45. gxf4+ {[%emt 0:00:05]} Kxf4 {[%emt 0:00:06]} 46. e5+ {[%emt 0:00:06]} Kxe5 {[%emt 0:00:01]} 47. Rxh4 {[%emt 0:00:05]} Rb2 {[%emt 0:00:01]} 48. Rh8 {[%emt 0:00:19]} Rxb5 {[%emt 0:00:04]} 49. h4 {[%emt 0:00:07]} Nd5 {[%emt 0:00:09]} 50. h5 {[%emt 0:00:16]} Kf5 {[%emt 0:00:03]} 51. Rg8 {[%emt 0:00:10]} Rb7 {[%emt 0:00:10]} 52. Rh8 {[%emt 0:00:14]} Nf4 {[%emt 0:00:08]} 53. Kf2 {[%emt 0:00:06]} Ne6 {[%emt 0:00:34]} 54. Kg3 {[%emt 0:00:09]} Kg5 {[%emt 0:00:09]} 55. h6 {[%emt 0:00:09]} Kg6 {[%emt 0:00:21]} 56. Kh4 {[%emt 0:00:15]} Rh7 {[%emt 0:00:47]} 57. Rg8+ {[%emt 0:00:03]} Kf7 {[%emt 0:00:12]} 0-1

[Event "29th Czech Open-Rapid 2018"]
[Site "Pardubice"]
[Date "2018.07.19"]
[Round "6"]
[White "Trost, Edvin"]
[Black "Joukl, Zdenek"]
[Result "1/2-1/2"]
[WhiteElo "1831"]
[BlackElo "2068"]
[Annotator "NA"]
[PlyCount "82"]
[EventDate "2018.07.18"]
[EventType "swiss"]
[EventCountry "CZE"]
[SourceTitle "playchess.com"]
[Source "ChessBase"]
[SourceQuality "1"]
[TimeControl "900+10"]

1. e4 {[%emt 0:00:00]} d6 {[%emt 0:00:00]} 2. d4 {[%emt 0:00:03]} Nf6 {[%emt 0:00:00]} 3. Nc3 {[%emt 0:00:01]} Nbd7 {[%emt 0:00:00]} 4. Nge2 {[%emt 0:00:02]} e5 {[%emt 0:00:05]} 5. g3 {[%emt 0:00:19]} c6 {[%emt 0:00:32]} 6. Bg2 {[%emt 0:00:02]} Be7 {[%emt 0:00:10]} 7. O-O {[%emt 0:00:07]} O-O {[%emt 0:00:08]} 8. a4 {[%emt 0:00:02]} a5 {[%emt 0:00:52]} 9. h3 {[%emt 0:00:47]} b6 {[%emt 0:02:19]} 10. Kh1 {[%emt 0:00:57]} Ba6 {[%emt 0:00:14]} 11. Re1 {[%emt 0:00:01]} b5 {[%emt 0:01:24]} 12. d5 {[%emt 0:03:10]} b4 {[%emt 0:00:13]} 13. dxc6 {[%emt 0:00:04]} Nb8 {[%emt 0:00:03]} 14. Nd5 {[%emt 0:01:56]} Nxc6 {[%emt 0:00:10]} 15. Ne3 {[%emt 0:00:01]} Re8 {[%emt 0:00:58]} 16. c4 {[%emt 0:01:13]} Bf8 {[%emt 0:00:34]} 17. b3 {[%emt 0:01:00]} Bc8 {[%emt 0:00:17]} 18. g4 {[%emt 0:00:11]} Nd7 {[%emt 0:00:27]} 19. Bb2 {[%emt 0:00:27]} Nc5 {[%emt 0:00:10]} 20. Ng3 {[%emt 0:00:03]} Ne6 {[%emt 0:01:18]} 21. Re2 {[%emt 0:01:04]} g6 {[%emt 0:00:44]} 22. Rd2 {[%emt 0:00:02]} Ncd4 {[%emt 0:00:38]} 23. Bxd4 {[%emt 0:00:12]} Nxd4 {[%emt 0:00:09]} 24. Ne2 {[%emt 0:00:02]} Nxe2 {[%emt 0:00:14]} 25. Qxe2 {[%emt 0:00:20]} Be6 {[%emt 0:02:16]} 26. Rad1 {[%emt 0:00:03]} Qc7 {[%emt 0:00:10]} 27. Nd5 {[%emt 0:00:29]} Bxd5 {[%emt 0:00:15]} 28. Rxd5 {[%emt 0:00:01]} Qb6 {[%emt 0:00:27]} 29. R1d3 {[%emt 0:00:18]} Rac8 {[%emt 0:00:06]} 30. Kg1 {[%emt 0:00:21]} Rc5 {[%emt 0:00:19]} 31. Kf1 {[%emt 0:00:05]} Rxd5 {[%emt 0:00:06]} 32. Rxd5 {[%emt 0:00:01]} Rc8 {[%emt 0:00:08]} 33. Ke1 {[%emt 0:00:02]} Rc5 {[%emt 0:00:33]} 34. Rd3 {[%emt 0:00:01]} Be7 {[%emt 0:00:13]} 35. Qd2 {[%emt 0:00:10]} Kg7 {[%emt 0:00:10]} 36. Kd1 {[%emt 0:00:02]} h6 {[%emt 0:00:10]} 37. Kc2 {[%emt 0:00:23]} Rc6 {[%emt 0:00:09]} 38. Rf3 {[%emt 0:01:37]} Rc5 {[%emt 0:00:27]} 39. Rd3 {[%emt 0:00:43]} Rc6 {[%emt 0:00:07]} 40. Rf3 {[%emt 0:01:09]} Rc5 41. Rd3 Qc7 1/2-1/2

[Event "29th Czech Open-Rapid 2018"]
[Site "Pardubice"]
[Date "2018.07.19"]
[Round "6"]
[White "Zdrazil, Jan"]
[Black "Valenta, Vit"]
[Result "0-1"]
[WhiteElo "1809"]
[BlackElo "2144"]
[Annotator "NA"]
[PlyCount "52"]
[EventDate "2018.07.18"]
[EventType "swiss"]
[EventCountry "CZE"]
[SourceTitle "playchess.com"]
[Source "ChessBase"]
[SourceQuality "1"]
[TimeControl "900+10"]

1. e4 {[%emt 0:00:00]} c5 {[%emt 0:00:00]} 2. Nf3 {[%emt 0:00:00]} e6 {[%emt 0:00:00]} 3. d4 {[%emt 0:00:00]} cxd4 {[%emt 0:00:00]} 4. Nxd4 a6 5. Nc3 {[%emt 0:00:00]} Nc6 {[%emt 0:00:01]} 6. Be3 {[%emt 0:00:12]} Nf6 {[%emt 0:00:09]} 7. Qd2 {[%emt 0:00:08]} Ng4 {[%emt 0:00:07]} 8. Bg5 {[%emt 0:01:01]} Qb6 {[%emt 0:00:08]} 9. Nb3 Bb4 {[%emt 0:00:44]} 10. h3 {[%emt 0:01:34]} Nf6 {[%emt 0:00:38]} 11. Bd3 {[%emt 0:01:34]} d5 {[%emt 0:01:37]} 12. Bxf6 {[%emt 0:02:08]} gxf6 {[%emt 0:00:02]} 13. exd5 {[%emt 0:00:12]} exd5 {[%emt 0:00:03]} 14. O-O {[%emt 0:00:22]} Be6 {[%emt 0:00:28]} 15. a3 {[%emt 0:02:22]} Bd6 {[%emt 0:00:44]} 16. Nxd5 {[%emt 0:02:04]} Bxd5 {[%emt 0:00:31]} 17. Bf5 {[%emt 0:00:53]} Ne7 {[%emt 0:00:39]} 18. Rfe1 {[%emt 0:00:55]} Be5 {[%emt 0:00:10]} 19. Be4 {[%emt 0:03:12]} O-O-O {[%emt 0:01:02]} 20. Qh6 {[%emt 0:00:12]} Kb8 {[%emt 0:01:24]} 21. Nd2 {[%emt 0:00:36]} Ka7 {[%emt 0:01:54]} 22. b4 {[%emt 0:00:30]} Bxa1 {[%emt 0:00:17]} 23. Rxa1 {[%emt 0:00:01]} Bxe4 {[%emt 0:00:11]} 24. Nxe4 {[%emt 0:00:03]} Qd4 {[%emt 0:00:09]} 25. Re1 {[%emt 0:00:01]} Ng6 {[%emt 0:00:40]} 26. Qg7 {[%emt 0:00:10]} f5 {[%emt 0:00:36]} 0-1

[Event "29th Czech Open-Rapid 2018"]
[Site "Pardubice"]
[Date "2018.07.19"]
[Round "6"]
[White "Effenberger, Adam"]
[Black "Pavlicek, Lukas"]
[Result "0-1"]
[WhiteElo "1784"]
[BlackElo "1819"]
[Annotator "NA"]
[PlyCount "52"]
[EventDate "2018.07.18"]
[EventType "swiss"]
[EventCountry "CZE"]
[SourceTitle "playchess.com"]
[Source "ChessBase"]
[SourceQuality "1"]
[TimeControl "900+10"]

1. e4 {[%emt 0:00:00]} c5 {[%emt 0:00:00]} 2. Nf3 {[%emt 0:00:00]} d6 {[%emt 0:00:00]} 3. d4 {[%emt 0:00:02]} cxd4 {[%emt 0:00:00]} 4. Nxd4 {[%emt 0:00:04]} Nf6 {[%emt 0:00:00]} 5. Nc3 {[%emt 0:00:06]} a6 {[%emt 0:00:00]} 6. Be3 {[%emt 0:00:09]} e5 {[%emt 0:00:00]} 7. Nb3 {[%emt 0:00:14]} Be6 {[%emt 0:00:02]} 8. f3 {[%emt 0:00:42]} Be7 {[%emt 0:00:15]} 9. Qd2 {[%emt 0:00:12]} Nbd7 {[%emt 0:00:10]} 10. Be2 {[%emt 0:00:26]} b5 {[%emt 0:00:15]} 11. g4 {[%emt 0:00:14]} O-O {[%emt 0:00:32]} 12. g5 {[%emt 0:00:09]} b4 {[%emt 0:00:05]} 13. Na4 {[%emt 0:02:21]} Ne8 {[%emt 0:00:12]} 14. f4 {[%emt 0:00:04]} Qc7 {[%emt 0:01:30]} 15. f5 {[%emt 0:00:13]} Bc4 {[%emt 0:00:07]} 16. Bxc4 {[%emt 0:02:44]} Qxc4 {[%emt 0:00:02]} 17. Qd5 {[%emt 0:01:41]} Rc8 {[%emt 0:01:29]} 18. c3 {[%emt 0:01:41]} Qb5 {[%emt 0:00:49]} 19. f6 {[%emt 0:04:39]} Bd8 {[%emt 0:01:56]} 20. fxg7 {[%emt 0:00:11]} Kxg7 {[%emt 0:01:00]} 21. h4 {[%emt 0:01:42]} Qxa4 {[%emt 0:01:33]} 22. h5 {[%emt 0:00:01]} bxc3 {[%emt 0:00:42]} 23. g6 {[%emt 0:00:55]} Ndf6 {[%emt 0:01:09]} 24. h6+ {[%emt 0:00:07]} Kg8 {[%emt 0:00:17]} 25. Qxd6 {[%emt 0:00:16]} Nxd6 {[%emt 0:00:09]} 26. g7 {[%emt 0:00:02]} Qxe4 {[%emt 0:00:19]} 0-1

[Event "29th Czech Open-Rapid 2018"]
[Site "Pardubice"]
[Date "2018.07.19"]
[Round "6"]
[White "Tomek, Karel"]
[Black "Trost, Martin"]
[Result "0-1"]
[WhiteElo "1774"]
[BlackElo "1844"]
[Annotator "NA"]
[PlyCount "47"]
[EventDate "2018.07.18"]
[EventType "swiss"]
[EventCountry "CZE"]
[SourceTitle "playchess.com"]
[Source "ChessBase"]
[SourceQuality "1"]
[TimeControl "900+10"]

1. d4 {[%emt 0:00:00]} d5 {[%emt 0:00:32]} 2. Nf3 {[%emt 0:00:02]} Nf6 {[%emt 0:00:01]} 3. e3 {[%emt 0:00:02]} e6 {[%emt 0:00:04]} 4. Bd3 {[%emt 0:00:02]} g6 {[%emt 0:00:25]} 5. O-O {[%emt 0:00:06]} Bg7 {[%emt 0:00:01]} 6. b3 {[%emt 0:00:01]} O-O {[%emt 0:00:04]} 7. Bb2 {[%emt 0:00:01]} b6 {[%emt 0:00:16]} 8. Nbd2 {[%emt 0:00:03]} Bb7 {[%emt 0:00:22]} 9. Ne5 {[%emt 0:00:04]} Nbd7 {[%emt 0:00:10]} 10. Ndf3 {[%emt 0:01:10]} Ne4 {[%emt 0:00:20]} 11. Nxd7 {[%emt 0:01:45]} Qxd7 {[%emt 0:00:03]} 12. Qe2 {[%emt 0:00:16]} Rac8 {[%emt 0:01:39]} 13. c4 {[%emt 0:01:07]} Rfd8 {[%emt 0:01:24]} 14. Rad1 {[%emt 0:00:44]} Qe7 {[%emt 0:00:33]} 15. Nd2 {[%emt 0:01:08]} c5 {[%emt 0:01:51]} 16. Nf3 {[%emt 0:01:22]} Rc7 {[%emt 0:03:59]} 17. cxd5 {[%emt 0:05:18]} Bxd5 {[%emt 0:01:42]} 18. Rc1 {[%emt 0:01:14]} Rcc8 {[%emt 0:02:10]} 19. Bxe4 {[%emt 0:00:13]} Bxe4 {[%emt 0:00:07]} 20. Ba3 {[%emt 0:00:03]} Qb7 {[%emt 0:01:11]} 21. Rcd1 {[%emt 0:03:07]} Bxf3 {[%emt 0:00:21]} 22. gxf3 {[%emt 0:00:36]} cxd4 {[%emt 0:00:18]} 23. exd4 {[%emt 0:00:12]} Bxd4 {[%emt 0:00:27]} 24. Bc1 0-1

[Event "29th Czech Open-Rapid 2018"]
[Site "Pardubice"]
[Date "2018.07.19"]
[Round "6"]
[White "Tarun, V Kanth"]
[Black "Domogaev, Sergey"]
[Result "1/2-1/2"]
[WhiteElo "1771"]
[BlackElo "2337"]
[Annotator "NA"]
[PlyCount "77"]
[EventDate "2018.07.18"]
[EventType "swiss"]
[EventCountry "CZE"]
[SourceTitle "playchess.com"]
[Source "ChessBase"]
[SourceQuality "1"]
[TimeControl "900+10"]

1. d4 {[%emt 0:00:00]} d5 {[%emt 0:00:00]} 2. c4 {[%emt 0:00:00]} e6 {[%emt 0:00:00]} 3. Nc3 {[%emt 0:00:00]} a6 {[%emt 0:00:00]} 4. cxd5 {[%emt 0:00:30]} exd5 {[%emt 0:00:00]} 5. Bf4 {[%emt 0:00:01]} Nf6 {[%emt 0:00:00]} 6. e3 {[%emt 0:00:11]} Bd6 {[%emt 0:00:00]} 7. Bxd6 {[%emt 0:00:07]} Qxd6 {[%emt 0:00:00]} 8. Bd3 {[%emt 0:00:03]} O-O {[%emt 0:00:01]} 9. Nge2 {[%emt 0:00:13]} Nbd7 {[%emt 0:00:01]} 10. O-O {[%emt 0:00:10]} c5 {[%emt 0:00:01]} 11. dxc5 {[%emt 0:00:09]} Nxc5 {[%emt 0:00:01]} 12. Bc2 {[%emt 0:00:07]} Be6 {[%emt 0:00:23]} 13. Nf4 {[%emt 0:00:23]} Rfd8 {[%emt 0:00:04]} 14. Nxe6 {[%emt 0:00:08]} fxe6 {[%emt 0:00:05]} 15. Qe2 {[%emt 0:00:30]} e5 {[%emt 0:00:22]} 16. Rfd1 {[%emt 0:00:02]} d4 {[%emt 0:00:22]} 17. exd4 {[%emt 0:01:08]} exd4 {[%emt 0:00:02]} 18. Qc4+ {[%emt 0:00:01]} Kh8 {[%emt 0:00:06]} 19. Na4 {[%emt 0:00:10]} Nxa4 {[%emt 0:00:27]} 20. Qxa4 {[%emt 0:00:05]} Ng4 {[%emt 0:00:16]} 21. g3 {[%emt 0:00:03]} Qf6 {[%emt 0:00:20]} 22. Rf1 {[%emt 0:00:27]} Rac8 {[%emt 0:01:06]} 23. Be4 {[%emt 0:00:10]} b5 {[%emt 0:00:07]} 24. Qd1 {[%emt 0:00:09]} Ne5 {[%emt 0:00:11]} 25. Qh5 {[%emt 0:00:08]} g6 {[%emt 0:00:10]} 26. Qh6 {[%emt 0:00:25]} d3 {[%emt 0:00:25]} 27. Rad1 {[%emt 0:00:12]} Rd4 {[%emt 0:00:09]} 28. Bg2 {[%emt 0:00:15]} Ng4 {[%emt 0:00:29]} 29. Qh3 {[%emt 0:00:48]} Rc2 {[%emt 0:00:10]} 30. Bb7 {[%emt 0:01:01]} Rxf2 {[%emt 0:02:30]} 31. Bc8 {[%emt 0:00:57]} Rxf1+ {[%emt 0:02:01]} 32. Rxf1 {[%emt 0:00:04]} Qg5 {[%emt 0:00:10]} 33. Bxg4 {[%emt 0:03:25]} Rxg4 {[%emt 0:00:17]} 34. Qg2 {[%emt 0:00:36]} Qe3+ {[%emt 0:00:06]} 35. Qf2 {[%emt 0:00:53]} Qxf2+ {[%emt 0:01:55]} 36. Rxf2 {[%emt 0:00:01]} Rc4 {[%emt 0:00:02]} 37. Rd2 {[%emt 0:00:15]} Rc2 {[%emt 0:00:04]} 38. Rxd3 {[%emt 0:00:06]} Rxb2 {[%emt 0:00:02]} 39. Ra3 {[%emt 0:00:00]} 1/2-1/2